Možnosti zlepšenia integrity obrobeného povrchu pomocou technológie elektrolytnej plazmy

Salvato in:
Dettagli Bibliografici
Autore principale: Kurčák, Peter (Autore)
Altri autori: Pokusová, Marcela (Relatore della tesi)
Natura: Manoscritto Libro
Lingua:slovacco
Pubblicazione: 2024
Soggetti:
Accesso online:http://is.stuba.sk/zp/portal_zp.pl?podrobnosti=179662
Tags: Aggiungi Tag
Nessun Tag, puoi essere il primo ad aggiungerne!!

MARC

LEADER 00000ntm a22000003a 4500
001 stuzp99943
003 SK-STU
005 20250304112324.4
007 ta
008 150427s2015----xo-----f-mn---000-0-slo-d
040 |a STU  |b slo 
041 0 |a slo 
100 1 |a Kurčák, Peter  |u 020070  |4 aut  |U SjF Strojnícka fakulta  |T SjF Ústav výrobného inžinierstva a kvality produkcie  |X 76326  |U J0070  |Y 804  |7 76326 
242 0 1 |a Capability of plasma-electrolyte technology to improve the integrity of machined metal surface  |y eng 
245 1 0 |a Možnosti zlepšenia integrity obrobeného povrchu pomocou technológie elektrolytnej plazmy 
260 |c 2024 
650 4 |a integrita povrchu  |2 slo 
650 4 |a kvalita  |2 slo 
650 4 |a drsnosť  |2 slo 
650 4 |a obrobok  |2 slo 
650 4 |a elektrolytná plazma  |2 slo 
650 4 |a elektrolyt  |2 slo 
650 4 |a oceľ 16MnCrS5  |2 slo 
650 4 |a roughness  |2 eng 
650 4 |a electrolytic plasma  |2 eng 
650 4 |a surface integrity  |2 eng 
650 4 |a quality  |2 eng 
650 4 |a workpiece  |2 eng 
650 4 |a electrolyte  |2 eng 
650 4 |a steel 16MnCrS5  |2 eng 
700 1 |a Pokusová, Marcela  |u 020070  |k Z1  |4 ths  |U SjF Strojnícka fakulta  |T SjF Ústav výrobného inžinierstva a kvality produkcie  |X 236  |U J0070  |Y 804  |7 A000000236 
856 4 |u http://is.stuba.sk/zp/portal_zp.pl?podrobnosti=179662 
996 |b 284J047757  |c J* 3847/DDP  |l JJSK  |s A  |a 24  |w stuzp99943_0001